| 000 | 00600nam a2200229Ia 4500 | ||
|---|---|---|---|
| 003 | OSt | ||
| 005 | 20221007075630.0 | ||
| 006 | a|||||r|||| 00| 0 | ||
| 007 | ta | ||
| 008 | 221006b |||||||| |||| 00| 0 eng d | ||
| 024 | _a17,817 | ||
| 037 | _cTextual | ||
| 040 |
_aFLL _cFLL _beng |
||
| 041 |
_2eng _aeng |
||
| 082 | _aY115:2.N7, L5 | ||
| 100 | _aJain Devaki | ||
| 245 | 0 | _aIndian women | |
| 260 |
_aNew Delhi _bMinistry of Information and Broadcasting India _c1975 |
||
| 300 |
_a312p _ccm. |
||
| 942 |
_hY115:2.N7, L5 _cTEXL _2CC |
||
| 999 |
_c1156811 _d1156811 |
||